=LDR 00000nam 2200000 4500 =001 NUTBA000000000005795 =005 20251030100907 =035 ##$$a 0010-111400000000274 =008 251030###########################0#ind## =020 ##$$a 978-602-8489-14-0 =040 ##$$a NBPDMAT =090 ##$$a 616.99 $b And a =100 ##$$a Andriyatie Poerwaningsih =245 1#$$a Ayo Mengenal : $b Penyakit Tak Menular /$c Andriyatie Poerwaningsih =250 ##$$a Cet.2 =260 ##$$a Jakarta :$b Mediantara,$c 2010 =300 ##$$a vi, 70 hlm. : $b ilus. ; $c 24 cm. =440 ##$$a Seri Aku bAnak Sehat =500 ##$$a Bibliografi : hlm. 69 =650 #4$$a Penyakit Tak Menular =850 ##$$a NBPDMAT =082 ##$$a 616.99 =084 ##$$a 616.99 AND a =990 ##$$a 21415652 =990 ##$$a 21415653 =990 ##$$a 21415654 =990 ##$$a 21415655 =990 ##$$a 21415656 =990 ##$$a 21415656 =990 ##$$a 21415652 =990 ##$$a 21415653 =990 ##$$a 21415654 =990 ##$$a 21415655